[Event "Bishops, Knights, Rooks, and Pawns"]
[Site "SchemingMind.com"]
[Date "2009.09.26"]
[Round "-"]
[White "borysq3"]
[Black "tyler_ensor"]
[Result "1/2-1/2"]
[WhiteCountry "POL"]
[BlackCountry "CAN"]
[WhiteElo "1999"]
[WhiteRD "111"]
[BlackElo "1815"]
[BlackRD "61"]
[GameID "221297"]

1. e4 c6 2. d4 d5 3. e5 Bf5 4. Be3 Qb6 5. Qc1 e6 6. c4 Nd7 7. c5 Qc7 8. Nc3 Be7 9. Nf3 O-O-O 10. Be2 f6
11. Nh4 Bg6= 12. Nxg6 hxg6 13. b4 fxe5 14. b5 exd4 15. Bxd4 e5 16. bxc6 Qxc6 17. Nb5 Kb8 18. Qe3 Bxc5 19. Bxe5+ Nxe5 20. Qxe5+ Bd6
21. Nxd6 Qxd6 22. Qxd6+ Rxd6 23. O-O Nf6 24. Bd3 g5 25. Rfe1 Kc7 26. Rac1+ Kd8 27. Re5 g4 28. Rg5 Rg8 29. Bg6 Rd7 30. Bf5= Rc7
31. Rxc7 Kxc7 32. Bxg4 Nxg4 33. Rxg4 Re8 34. Rxg7+ Kc6 35. f4 d4 36. Rg3 Kc5 37. f5 Kc4 38. Rg7 d3 39. Rd7=
1/2-1/2

[Event "Bishops, Knights, Rooks, and Pawns"]
[Site "SchemingMind.com"]
[Date "2009.09.27"]
[Round "-"]
[White "tyler_ensor"]
[Black "borysq3"]
[Result "1/2-1/2"]
[WhiteCountry "CAN"]
[BlackCountry "POL"]
[WhiteElo "1812"]
[WhiteRD "66"]
[BlackElo "1949"]
[BlackRD "126"]
[GameID "221299"]

1. d4 Nf6 2. c4 g6 3. Nc3 Bg7 4. e4 d6 5. f3 O-O 6. Be3 e5 7. Nge2 c6 8. Qd2 Nbd7 9. g4 a6 10. Ng3 exd4
11. Bxd4 Ne5 12. Be2 Be6 13. g5 Ne8 14. h4 Nxc4 15. Bxc4 Bxc4 16. O-O-O b5=
1/2-1/2

[Event "Bishops, Knights, Rooks, and Pawns"]
[Site "SchemingMind.com"]
[Date "2009.09.28"]
[Round "-"]
[White "Schaakmaatje"]
[Black "tyler_ensor"]
[Result "0-1"]
[WhiteCountry "NED"]
[BlackCountry "CAN"]
[WhiteElo "1680"]
[WhiteRD "47"]
[BlackElo "1812"]
[BlackRD "66"]
[GameID "221400"]

1. d4 Nf6 2. c4 e6 3. Nc3 d5 4. e3 c6 5. Nf3 Be7 6. Be2 dxc4 7. Bxc4 b5 8. Bd3 a6 9. O-O Bb7 10. a3 c5
11. dxc5 Bxc5 12. b4 Be7 13. Bb2 Nbd7 14. Nd4 O-O 15. Rc1 Rc8 16. Qd2 Ne5 17. Be2 Nc4 18. Bxc4 Rxc4 19. Qe2 Qc7 20. Nb1 Rc8
21. Rc3 Ne4 22. Rxc4 Qxc4 23. Qxc4 Rxc4 24. Nd2 Nxd2
0-1

[Event "Bishops, Knights, Rooks, and Pawns"]
[Site "SchemingMind.com"]
[Date "2009.09.28"]
[Round "-"]
[White "Schaakmaatje"]
[Black "borysq3"]
[Result "0-1"]
[WhiteCountry "NED"]
[BlackCountry "POL"]
[WhiteElo "1715"]
[WhiteRD "50"]
[BlackElo "2018"]
[BlackRD "105"]
[GameID "221401"]

1. d4 Nf6 2. Bg5 Ne4 3. Bh4 d5 4. f3 Nd6 5. Nd2 Bf5 6. e3 c6 7. c4 Qa5 8. c5 Nc8 9. Ne2 b6 10. Nc1 bxc5
11. Nb3 Qc7 12. Nxc5 Nd7 13. Na6 Qb6 14. Qa4 e6 15. b4 Be7 16. Bxe7 Nxe7 17. Be2 e5 18. Nb3 Bc2 19. Rc1 Bxb3 20. Qxb3 exd4
21. exd4 Nf5 22. Rd1 Nxd4 23. Rxd4 Qxd4 24. Nc7+ Ke7 25. Nxa8 Rxa8 26. h4 Re8 27. b5 Kd6 28. bxc6 Nc5
0-1

[Event "Bishops, Knights, Rooks, and Pawns"]
[Site "SchemingMind.com"]
[Date "2009.09.30"]
[Round "-"]
[White "tyler_ensor"]
[Black "Schaakmaatje"]
[Result "1/2-1/2"]
[WhiteCountry "CAN"]
[BlackCountry "NED"]
[WhiteElo "1782"]
[WhiteRD "63"]
[BlackElo "1724"]
[BlackRD "49"]
[GameID "221403"]

1. Nf3 Nc6 2. c4 e5 3. Nc3 Nf6 4. d4 exd4 5. Nxd4 Bb4 6. Bg5 O-O 7. Rc1 Ne5 8. a3 Be7 9. e3 h6 10. Bf4 d6
11. Be2 c5 12. Nf3 Ng6 13. Bg3 Bf5 14. O-O Ne4 15. Nxe4 Bxe4 16. Nd2 Bc6 17. Bf3 d5 18. cxd5 Bxd5 19. Bc7 Qxc7 20. Bxd5 Rad8
21. Qf3 b6 22. Rfd1 Rd6 23. Ne4 Ne5 24. Qg3 Rg6 25. Qh3 Ng4 26. b4 Rd8 27. bxc5 Bxc5 28. Nxc5 bxc5 29. Be4 Rg5 30. Rxd8+ Qxd8
31. f4 Qd2 32. Rf1 Nxe3 33. fxg5 Nxf1 34. Kxf1 Qc1+ 35. Kf2 Qd2+ 36. Kg3 Qe3+ 37. Bf3 Qxg5+ 38. Qg4 Qe5+ 39. Qf4 Qe7 40. a4 Qe1+
41. Kh3=
1/2-1/2

[Event "Bishops, Knights, Rooks, and Pawns"]
[Site "SchemingMind.com"]
[Date "2009.10.03"]
[Round "-"]
[White "borysq3"]
[Black "Schaakmaatje"]
[Result "1-0"]
[WhiteCountry "POL"]
[BlackCountry "NED"]
[WhiteElo "1970"]
[WhiteRD "128"]
[BlackElo "1736"]
[BlackRD "50"]
[GameID "221404"]

1. e4 e5 2. Nf3 Nf6 3. Nxe5 d6 4. Nf3 Nxe4 5. d4 d5 6. Bd3 Bf5 7. O-O Bd6 8. Re1 O-O 9. c4 c6 10. Qb3 dxc4
11. Qxc4 Re8 12. Qc2 Qe7 13. Nc3
1-0

[Event "Bishops, Knights, Rooks, and Pawns"]
[Site "SchemingMind.com"]
[Date "2009.10.06"]
[Round "-"]
[White "nemanja"]
[Black "Schaakmaatje"]
[Result "1-0"]
[WhiteCountry "SRB"]
[BlackCountry "NED"]
[WhiteElo "2065"]
[WhiteRD "117"]
[BlackElo "1725"]
[BlackRD "50"]
[GameID "221702"]

1. e4 e5 2. Nf3 Nf6 3. Nxe5 Nxe4 4. Qe2 d5 5. d3 Qe7 6. dxe4 Qxe5 7. exd5 Bd6 8. c4 O-O 9. Nc3 Bf5 10. Nb5 a6
11. Nxd6 Qxd6 12. Be3 Re8 13. Qd2 Nd7 14. Bd3 Bxd3 15. Qxd3 Nc5 16. Qd4 Ne6 17. dxe6
1-0

[Event "Bishops, Knights, Rooks, and Pawns"]
[Site "SchemingMind.com"]
[Date "2009.10.01"]
[Round "-"]
[White "nemanja"]
[Black "tyler_ensor"]
[Result "1-0"]
[WhiteCountry "SRB"]
[BlackCountry "CAN"]
[WhiteElo "2108"]
[WhiteRD "110"]
[BlackElo "1779"]
[BlackRD "70"]
[GameID "221703"]

1. e4 c6 2. d4 d5 3. Nc3 dxe4 4. Nxe4 Bf5 5. Ng3 Bg6 6. Nf3 Nd7 7. Nh4 e6 8. Nxg6 hxg6 9. Bd3 Ngf6 10. Bg5 Qb6
11. O-O Be7 12. Be3 Nd5 13. b3 Nxe3 14. fxe3 Nf6 15. c4 Qc7 16. c5 O-O-O 17. b4 Nd5 18. Rxf7 Rh6 19. Qg4 Rdh8 20. Qxe6+ Kb8
21. Be4 Rxh2 22. Qxg6 Nxe3 23. Re1 R2h6 24. Qxg7
1-0

[Event "Bishops, Knights, Rooks, and Pawns"]
[Site "SchemingMind.com"]
[Date "2009.10.01"]
[Round "-"]
[White "nemanja"]
[Black "borysq3"]
[Result "1/2-1/2"]
[WhiteCountry "SRB"]
[BlackCountry "POL"]
[WhiteElo "2078"]
[WhiteRD "111"]
[BlackElo "2018"]
[BlackRD "105"]
[GameID "221704"]

1. e4 e5 2. Nf3 Nc6 3. Bc4 Nf6 4. Ng5 d5 5. exd5 Na5 6. Bb5+ c6 7. dxc6 bxc6 8. Ba4 h6 9. Nf3 e4 10. Qe2 Be7
11. Ne5 Qd5 12. d4 exd3 13. cxd3 Qxg2 14. Qf3 Qxf3 15. Nxf3 O-O 16. O-O Ba6 17. Bd2 Bxd3 18. Bxa5 Bxf1 19. Kxf1 c5 20. Nbd2 Bd8
21. Bc3 Rc8 22. Nc4 Nd5 23. Bd2 Nb6 24. Nd6 Rb8 25. Bc6 Nc8 26. Nxc8 Rxc8 27. Bd5 Bf6 28. Rb1 c4 29. Bc3 Rfd8 30. Be4 Bxc3
31. bxc3 Rb8 32. Rxb8 Rxb8 33. Ne5 Rb2 34. a4 Ra2 35. Nxc4 Rxa4 36. Bd5 Kf8 37. Nd6 Rh4=
1/2-1/2

[Event "Bishops, Knights, Rooks, and Pawns"]
[Site "SchemingMind.com"]
[Date "2009.10.06"]
[Round "-"]
[White "Schaakmaatje"]
[Black "nemanja"]
[Result "0-1"]
[WhiteCountry "NED"]
[BlackCountry "SRB"]
[WhiteElo "1725"]
[WhiteRD "50"]
[BlackElo "2065"]
[BlackRD "117"]
[GameID "221706"]

1. d4 d5 2. c4 dxc4 3. e4 b5 4. Bf4 e6 5. Nf3 Nf6 6. Qc2 c5 7. Nc3 a6 8. Rd1 cxd4 9. Rxd4 Qb6 10. Rd2 Bc5
11. h3 O-O 12. Be5 Nbd7 13. Bd4 Bb7 14. Be2 Bxd4 15. Nxd4 Nc5 16. Bf3 Rad8 17. O-O Ncxe4 18. Nxe4 Bxe4 19. Bxe4 Rxd4 20. Bf3 Rxd2
21. Qxd2 Rd8 22. Qg5 Qa5 23. a3 Qb6 24. Re1 Qc7 25. h4 h6 26. Qe3 Rd3
0-1

[Event "Bishops, Knights, Rooks, and Pawns"]
[Site "SchemingMind.com"]
[Date "2009.10.01"]
[Round "-"]
[White "tyler_ensor"]
[Black "nemanja"]
[Result "1/2-1/2"]
[WhiteCountry "CAN"]
[BlackCountry "SRB"]
[WhiteElo "1812"]
[WhiteRD "66"]
[BlackElo "2069"]
[BlackRD "109"]
[GameID "221707"]

1. d4 d5 2. c4 dxc4 3. Nf3 c5 4. e4 cxd4 5. Qxd4 Qxd4 6. Nxd4 Nf6 7. Nc3 e5 8. Ndb5 Na6 9. Bxc4 Bb4 10. a3 Bxc3+
11. Nxc3 Nc5 12. f3 Bd7 13. Be3 Rc8 14. O-O Ncxe4 15. Bxf7+ Kxf7 16. fxe4 b6 17. Rad1 Ke6 18. Rfe1= Bc6 19. Bf2 Rhd8 20. Rxd8 Rxd8
21. Re2 h6 22. h3 g5 23. g4 Rd3 24. Kg2 h5 25. gxh5 Nxh5 26. Re3 Nf4+ 27. Kf1 Rxe3 28. Bxe3 Nxh3 29. Kg2 Nf4+ 30. Kf3 Kf6
31. b4 Ne6 32. Ne2 Bd7 33. Kg3 Kg6 34. Kf3 g4+ 35. Kg3 Ng7 36. Bf2 Nh5+ 37. Kh4 Nf6 38. Bg3 Nxe4 39. Bxe5 Kf5 40. Bb8=
1/2-1/2

[Event "Bishops, Knights, Rooks, and Pawns"]
[Site "SchemingMind.com"]
[Date "2009.10.02"]
[Round "-"]
[White "borysq3"]
[Black "nemanja"]
[Result "0-1"]
[WhiteCountry "POL"]
[BlackCountry "SRB"]
[WhiteElo "1953"]
[WhiteRD "116"]
[BlackElo "2089"]
[BlackRD "110"]
[GameID "221708"]

1. e4 c6 2. d4 d5 3. Nc3 dxe4 4. Nxe4 e6 5. Nf3 Nd7 6. Bd3 Ngf6 7. Ng3 Be7 8. O-O O-O 9. Qe2 Qc7 10. c4 b6
11. Bd2 Bb7 12. Rfe1 c5 13. Ne4 cxd4 14. Nxd4 Bxe4 15. Bxe4 Nxe4 16. Qxe4 Bf6 17. Rac1 Nc5 18. Qe3 Bxd4 19. Qxd4 Rad8 20. Qf4 Qxf4
21. Bxf4 Nd3 22. Be3 Rc8 23. b3 f5 24. f3 Nxc1 25. Bxc1 Kf7 26. Bf4 h6
0-1

[Event "Bishops, Knights, Rooks, and Pawns"]
[Site "SchemingMind.com"]
[Date "2009.10.02"]
[Round "-"]
[White "Mitchell-in"]
[Black "nemanja"]
[Result "0-1"]
[WhiteCountry "ENG"]
[BlackCountry "SRB"]
[WhiteElo "1890"]
[WhiteRD "61"]
[BlackElo "2108"]
[BlackRD "110"]
[GameID "221868"]

1. e4 c6 2. d4 d5 3. exd5 cxd5 4. c4 Nf6 5. Nc3 e6 6. Nf3 Bb4 7. Bd3 O-O 8. O-O Nc6 9. Bg5 h6 10. Bh4 dxc4
11. Bxc4 g5 12. Nxg5 hxg5 13. Bxg5 Nxd4 14. Ne4 Be7 15. Bxf6 Bxf6 16. Qg4+ Bg7 17. Ng5 Nf5 18. h4 Qd4 19. Qh5 Qxh4
0-1

[Event "Bishops, Knights, Rooks, and Pawns"]
[Site "SchemingMind.com"]
[Date "2009.10.07"]
[Round "-"]
[White "Mitchell-in"]
[Black "Schaakmaatje"]
[Result "1-0"]
[WhiteCountry "ENG"]
[BlackCountry "NED"]
[WhiteElo "1834"]
[WhiteRD "65"]
[BlackElo "1725"]
[BlackRD "50"]
[GameID "221870"]

1. e4 e5 2. Nf3 Nf6 3. Nc3 Nc6 4. d4 exd4 5. Nxd4 Bb4 6. Nxc6 bxc6 7. Bd3 d6 8. Bg5 h6 9. Bh4 Bg4 10. Bxf6 Qxf6
11. Qxg4 Bxc3+ 12. bxc3 Qxc3+ 13. Ke2 O-O 14. Rhe1 Rae8 15. Kf1 d5 16. exd5 cxd5 17. Qf5
1-0

[Event "Bishops, Knights, Rooks, and Pawns"]
[Site "SchemingMind.com"]
[Date "2009.10.02"]
[Round "-"]
[White "Mitchell-in"]
[Black "tyler_ensor"]
[Result "1-0"]
[WhiteCountry "ENG"]
[BlackCountry "CAN"]
[WhiteElo "1890"]
[WhiteRD "61"]
[BlackElo "1779"]
[BlackRD "70"]
[GameID "221871"]

1. Nf3 Nf6 2. d4 e6 3. c4 b6 4. a3 Bb7 5. Nc3 d5 6. cxd5 Nxd5 7. e3 Be7 8. Bb5+ c6 9. Bd3 Nd7 10. O-O O-O
11. e4 Nxc3 12. bxc3 c5 13. e5 cxd4 14. cxd4 Rc8 15. Be3 Rc7 16. Rc1 Bxa3 17. Rxc7 Qxc7 18. Bxh7+ Kh8 19. Bb1 Qc3 20. Ng5 Be7=
21. Qh5+
1-0

[Event "Bishops, Knights, Rooks, and Pawns"]
[Site "SchemingMind.com"]
[Date "2009.10.03"]
[Round "-"]
[White "Mitchell-in"]
[Black "borysq3"]
[Result "0-1"]
[WhiteCountry "ENG"]
[BlackCountry "POL"]
[WhiteElo "1790"]
[WhiteRD "63"]
[BlackElo "2018"]
[BlackRD "105"]
[GameID "221872"]

1. e4 e5 2. Nf3 Nc6 3. d4 exd4 4. Bc4 Nf6 5. e5 d5 6. Bb5 Ne4 7. Nxd4 Bc5 8. Be3 Bd7 9. Bxc6 bxc6 10. O-O Qe7
11. f3 Nd6 12. Bf2 Nf5 13. Nxf5 Bxf5 14. Nc3 O-O 15. Bxc5 Qxc5+ 16. Kh1 d4 17. Ne4 Bxe4 18. fxe4 Qxe5 19. Qd3 Rfe8 20. Rae1 Re6
21. c3 c5
0-1

[Event "Bishops, Knights, Rooks, and Pawns"]
[Site "SchemingMind.com"]
[Date "2009.10.02"]
[Round "-"]
[White "nemanja"]
[Black "Mitchell-in"]
[Result "1/2-1/2"]
[WhiteCountry "SRB"]
[BlackCountry "ENG"]
[WhiteElo "2069"]
[WhiteRD "109"]
[BlackElo "1903"]
[BlackRD "60"]
[GameID "221873"]

1. e4 e5 2. Nf3 Nc6 3. Bc4 Bc5 4. c3 Nf6 5. b4 Bb6 6. O-O Nxe4 7. d3 Nf6 8. a4 d5 9. Bb5 a6 10. Bxc6+ bxc6
11. Nxe5 Qd6 12. a5 Ba7 13. Re1 O-O 14. Bf4 Ng4 15. d4 Qf6 16. Qd2 Bf5 17. Bg5 Qd6 18. Nxg4 Bxg4 19. Be7 Qg6 20. Bxf8 Rxf8
21. Re7 Qd6 22. Qe3 Be6=
1/2-1/2

[Event "Bishops, Knights, Rooks, and Pawns"]
[Site "SchemingMind.com"]
[Date "2009.10.07"]
[Round "-"]
[White "Schaakmaatje"]
[Black "Mitchell-in"]
[Result "1-0"]
[WhiteCountry "NED"]
[BlackCountry "ENG"]
[WhiteElo "1715"]
[WhiteRD "50"]
[BlackElo "1790"]
[BlackRD "63"]
[GameID "221875"]

1. d4 d5 2. c4 e6 3. Nc3 Nf6 4. Bg5 Nbd7 5. e4 dxe4 6. Nxe4 h6 7. Nxf6+ Nxf6 8. Bxf6 Qxf6 9. a3 c5 10. Nf3 cxd4
11. Qxd4 Qxd4 12. Nxd4 Be7 13. Be2 O-O 14. O-O Bf6 15. Nb5 Bxb2 16. Ra2 Bf6 17. Nd6 Rd8 18. Rd1 b6 19. Bf3 Rb8 20. Rad2 Ba6
21. Nb5 Bxb5 22. cxb5 Rxd2 23. Rxd2 Rd8 24. Rxd8+ Bxd8 25. Bc6 Kf8 26. f3 Ke7 27. Kf2 Kd6 28. Ke3 a6 29. a4 axb5 30. axb5 f5
31. Kd4 Bf6+ 32. Kc4 e5 33. Bb7 g5 34. Bc6 h5 35. h3 Bd8 36. Be8
1-0

[Event "Bishops, Knights, Rooks, and Pawns"]
[Site "SchemingMind.com"]
[Date "2009.10.03"]
[Round "-"]
[White "tyler_ensor"]
[Black "Mitchell-in"]
[Result "1-0"]
[WhiteCountry "CAN"]
[BlackCountry "ENG"]
[WhiteElo "1759"]
[WhiteRD "65"]
[BlackElo "1790"]
[BlackRD "63"]
[GameID "221876"]

1. d4 d5 2. Nf3 Nf6 3. Bf4 c5 4. e3 e6 5. c3 Nc6 6. Bd3 Bd6 7. Bg5 Qb6 8. Qc2 h6 9. Bh4 Nd7 10. Nbd2 c4
11. Be2 O-O 12. g4 Be7 13. Bxe7 Nxe7 14. h4 f5 15. g5 h5 16. O-O-O g6 17. Nf1 Qd6 18. Qd2 b5 19. Ng3= a5 20. a3 Rb8
21. Qc2 b4 22. axb4 axb4 23. Kd2
1-0

[Event "Bishops, Knights, Rooks, and Pawns"]
[Site "SchemingMind.com"]
[Date "2009.10.03"]
[Round "-"]
[White "borysq3"]
[Black "Mitchell-in"]
[Result "1-0"]
[WhiteCountry "POL"]
[BlackCountry "ENG"]
[WhiteElo "2018"]
[WhiteRD "105"]
[BlackElo "1790"]
[BlackRD "63"]
[GameID "221877"]

1. e4 c5 2. c3 e6 3. d4 d5 4. exd5 exd5 5. Nf3 Nf6 6. Bd3 Bd6 7. O-O O-O 8. dxc5 Bxc5 9. Nbd2 Bg4 10. Nb3 Bb6
11. Bg5 h6 12. Bh4 Nbd7 13. Be2 Re8 14. Qd3 Qe7 15. Rfe1 Qd6 16. Bg3 Qc6 17. Nbd4 Bxd4 18. Qxd4 Rad8 19. Qxa7
1-0

[Event "Bishops, Knights, Rooks, and Pawns"]
[Site "SchemingMind.com"]
[Date "2009.10.03"]
[Round "-"]
[White "THart"]
[Black "Mitchell-in"]
[Result "1/2-1/2"]
[WhiteCountry "USA"]
[BlackCountry "ENG"]
[WhiteElo "1716"]
[WhiteRD "90"]
[BlackElo "1787"]
[BlackRD "67"]
[GameID "221947"]

1. d4 d5 2. Nf3 Nf6 3. e3 g6 4. Bd3 Bg7 5. O-O O-O 6. Nbd2 Bg4 7. h3 Bxf3 8. Qxf3 Nbd7 9. Re1 c5 10. c3 Qc7
11. Nf1 Rac8 12. Ng3 e5 13. Bc2 e4 14. Qe2 a6 15. f4 Ne8 16. Qf2 cxd4 17. exd4 f5 18. Be3 Nd6 19. Ne2 Nc4 20. Bc1 Nf6
21. Qg3 Nh5 22. Qf2 b5 23. a3 a5 24. b3 Nd6 25. Bd2 b4 26. axb4 axb4 27. Rec1 bxc3 28. Nxc3 Qf7 29. Bd1 Nf6 30. Be2 Rfe8
31. Qe3 Qb7 32. Ba6 Qxb3 33. Bxc8 Rxc8 34. Ne2 Qxe3+ 35. Bxe3 Nc4 36. Kf2 Nd7= 37. Ra7 Ndb6 38. Nc3 Nxe3 39. Kxe3 Nc4+ 40. Ke2 Bxd4
41. Nxd5 Rc5 42. Ra8+ Kf7 43. Ra7+ Kg8 44. Rc7 Rxc7 45. Nxc7 Nd6 46. Nd5 Kf7 47. Rc7+ Ke6 48. Ne3 Bxe3 49. Kxe3 h5 50. Rc1 Nf7
51. h4 Nd6 52. Rc5 Nf7 53. Kd4 Nd6= 54. Re5+ Kf6 55. Kd5 Nf7 56. Re6+ Kg7 57. Kd4 Nh6 58. Ke3 Kf7 59. Ra6 Ng4+ 60. Ke2 Nf6
61. g3 Nd5 62. Kf2 Ne7 63. Rd6 Nc8 64. Ra6 Ne7 65. Ke3 Ng8 66. Rd6 Nf6 67. Ra6 Ng4+= 68. Ke2 Kg7 69. Ra7+ Kf6 70. Rb7 Ke6
71. Rb6+ Kf7 72. Rb7+=
1/2-1/2

[Event "Bishops, Knights, Rooks, and Pawns"]
[Site "SchemingMind.com"]
[Date "2009.10.03"]
[Round "-"]
[White "THart"]
[Black "nemanja"]
[Result "0-1"]
[WhiteCountry "USA"]
[BlackCountry "SRB"]
[WhiteElo "1743"]
[WhiteRD "75"]
[BlackElo "2065"]
[BlackRD "117"]
[GameID "221948"]

1. d4 d5 2. Nf3 Nf6 3. e3 e6 4. Bd3 c5 5. c3 c4 6. Bc2 Bd6 7. Nbd2 O-O 8. O-O Nc6 9. e4 dxe4 10. Nxe4 Nxe4
11. Bxe4 Qc7 12. Qe2 b5 13. Bxh7+ Kxh7 14. Ng5+ Kg6 15. Qe4+ f5 16. Qh4 Bd7 17. Qh7+ Kf6 18. Qh4 Rh8 19. Ne4+ Kf7 20. Nxd6+ Qxd6
21. Qg3 Qxg3 22. fxg3 Ne7 23. g4 Nd5 24. h3 Kf6 25. gxf5 exf5 26. Kh2 g5 27. Bd2 Rae8 28. Rae1 f4 29. Rxe8 Rxe8 30. Re1 Rxe1
31. Bxe1 Kf5 32. g4+ Ke4 33. Kg1 Kf3 34. Bf2 Ke2 35. Kg2 Ne3+ 36. Bxe3 Kxe3 37. Kf1 f3 38. b3 Be6 39. b4 f2
0-1

[Event "Bishops, Knights, Rooks, and Pawns"]
[Site "SchemingMind.com"]
[Date "2009.10.08"]
[Round "-"]
[White "THart"]
[Black "Schaakmaatje"]
[Result "0-1"]
[WhiteCountry "USA"]
[BlackCountry "NED"]
[WhiteElo "1743"]
[WhiteRD "75"]
[BlackElo "1725"]
[BlackRD "50"]
[GameID "221950"]

1. e4 e5 2. Nf3 Nf6 3. Nc3 Nc6 4. Bb5 d6 5. d4 Bd7 6. O-O a6 7. Bxc6 Bxc6 8. d5 Bd7 9. Bg5 Be7 10. Bxf6 Bxf6
11. b3 O-O 12. h3 Be7 13. Ne2 f5 14. Ng3 f4 15. Ne2 Rf6 16. Nh2 Rg6 17. Kh1 Bh4 18. Nf3 Qf6 19. Neg1 b5 20. Nxh4 Qxh4
21. Nf3 Qh6 22. Ng1 Rf8 23. Qf3 Bg4 24. Qc3 f3 25. Kh2 Bxh3 26. gxh3 Rg2+ 27. Kh1 Rxg1+
0-1

[Event "Bishops, Knights, Rooks, and Pawns"]
[Site "SchemingMind.com"]
[Date "2009.10.03"]
[Round "-"]
[White "THart"]
[Black "tyler_ensor"]
[Result "0-1"]
[WhiteCountry "USA"]
[BlackCountry "CAN"]
[WhiteElo "1675"]
[WhiteRD "85"]
[BlackElo "1782"]
[BlackRD "63"]
[GameID "221951"]

1. d4 Nf6 2. Nf3 e6 3. e3 b6 4. Bd3 Bb7 5. Nbd2 c5 6. c3 Nc6 7. O-O d5 8. e4 dxe4 9. Nxe4 Nxe4 10. Bxe4 Qc7
11. d5 Ne5 12. Nxe5 Qxe5 13. Re1 O-O-O 14. f4 Qd6 15. c4 exd5 16. Qg4+ Kb8 17. Rd1 d4 18. Bxb7 Kxb7 19. f5 h5 20. Qe4+ Qc6
21. Qh4 Bd6 22. Bf4 Bxf4 23. Qxf4 g5 24. fxg6 Qxg6 25. Rf1 Rdg8 26. Qxf7+ Kb8 27. Qf4+ Kb7 28. Qf3+ Qc6 29. Qf7+ Ka8 30. Qd5 Qxd5
31. cxd5 Rg5 32. d6 Rd8 33. Rf6 Rd5 34. Raf1 R5xd6 35. Rxd6 Rxd6 36. Rf8+ Kb7 37. Kf2 Kc6 38. Ke2 d3+ 39. Kd2 c4 40. Rf5 Rd5
41. Rf4 Kc5 42. Rf2 b5 43. h3 a5 44. Rf8 b4 45. g4 hxg4 46. hxg4 Kd4 47. Rc8 a4 48. Rc7 a3 49. b3 c3+ 50. Kd1 c2+
51. Kd2 Rc5 52. Rd7+ Ke5 53. Kc1 Rd5 54. Re7+ Kf6
0-1

[Event "Bishops, Knights, Rooks, and Pawns"]
[Site "SchemingMind.com"]
[Date "2009.10.03"]
[Round "-"]
[White "THart"]
[Black "borysq3"]
[Result "0-1"]
[WhiteCountry "USA"]
[BlackCountry "POL"]
[WhiteElo "1694"]
[WhiteRD "79"]
[BlackElo "1953"]
[BlackRD "116"]
[GameID "221952"]

1. e4 e5 2. Nf3 Nc6 3. d4 exd4 4. Nxd4 Nf6 5. Nxc6 bxc6 6. Bc4 Bc5 7. O-O O-O 8. Nc3 d6 9. Na4 Nxe4 10. Bd3 Nxf2
11. Rxf2 Bxf2+ 12. Kxf2 Qh4+ 13. Kg1 Qxa4 14. Qh5 g6 15. Qf3 Rb8 16. Qf6 Qa5 17. Bh6 Qe5 18. Qxe5 dxe5 19. Bxf8 Kxf8 20. b3 Be6
21. Be4 Bd5 22. Re1 Re8 23. c4 Bxe4 24. Rxe4 f5 25. Re2 e4 26. Rd2 e3 27. Rd1 f4 28. Re1 Kg7 29. Kf1 Rd8 30. Re2 Rd1+
31. Re1 Rxe1+ 32. Kxe1 Kf6 33. Ke2 Ke5 34. Kd3 c5 35. a3 a5 36. g3 Kf5 37. Ke2 fxg3 38. hxg3 Ke4 39. g4 h5
0-1

[Event "Bishops, Knights, Rooks, and Pawns"]
[Site "SchemingMind.com"]
[Date "2009.10.03"]
[Round "-"]
[White "Mitchell-in"]
[Black "THart"]
[Result "0-1"]
[WhiteCountry "ENG"]
[BlackCountry "USA"]
[WhiteElo "1885"]
[WhiteRD "64"]
[BlackElo "1694"]
[BlackRD "79"]
[GameID "221953"]

1. e4 c6 2. d4 d5 3. exd5 cxd5 4. c4 Nf6 5. Nc3 e6 6. Nf3 Bb4 7. Bd3 dxc4 8. Bxc4 O-O 9. O-O b6 10. Bg5 Be7
11. d5 Ba6 12. Bxa6 Nxa6 13. dxe6 fxe6 14. Qe2 Nc7 15. Rfd1 Qe8 16. Rac1 Nh5 17. Bxe7 Qxe7 18. Qe5 Rf5 19. Qd6 Qxd6 20. Rxd6 Nf4
21. Rd7 Ncd5 22. Nxd5 Rxd5 23. Rxd5 Ne2+ 24. Kf1 Nxc1 25. Re5 Kf7 26. a3 Kf6 27. Re1 Rc8 28. Nd4 e5 29. Nf3 Nd3 30. Rd1 Nxb2
31. Rd7 Rc1+ 32. Ke2 Rc2+ 33. Ke3 Rc3+ 34. Ke2 Rxa3
0-1

[Event "Bishops, Knights, Rooks, and Pawns"]
[Site "SchemingMind.com"]
[Date "2009.10.03"]
[Round "-"]
[White "nemanja"]
[Black "THart"]
[Result "1-0"]
[WhiteCountry "SRB"]
[BlackCountry "USA"]
[WhiteElo "2036"]
[WhiteRD "122"]
[BlackElo "1770"]
[BlackRD "73"]
[GameID "221954"]

1. e4 d6 2. d4 Nf6 3. Nc3 Nbd7 4. Bc4 e5 5. Nf3 exd4 6. Nxd4 Ne5 7. Bb3 Be7 8. O-O O-O 9. Qe2 c5 10. Nf3 Bg4
11. Rd1 Nxf3+ 12. gxf3 Bh3 13. e5 Ne8 14. Bf4 Qc7 15. Nb5 Qb6 16. exd6 Bh4 17. d7 Nf6 18. Bc7 Qa6 19. d8=Q Raxd8 20. Rxd8 Ne4
21. Rxf8+ Kxf8 22. Qxe4 Qf6 23. Bd6+
1-0

[Event "Bishops, Knights, Rooks, and Pawns"]
[Site "SchemingMind.com"]
[Date "2009.10.08"]
[Round "-"]
[White "Schaakmaatje"]
[Black "THart"]
[Result "1-0"]
[WhiteCountry "NED"]
[BlackCountry "USA"]
[WhiteElo "1725"]
[WhiteRD "50"]
[BlackElo "1743"]
[BlackRD "75"]
[GameID "221956"]

1. e4 c6 2. d4 d5 3. e5 Bf5 4. g4 Bg6 5. f4 Be4 6. Nf3 e6 7. Nc3 Bb4 8. Bd3 Bxf3 9. Qxf3 Bxc3+ 10. bxc3 Qh4+
11. Qg3 Qxg3+ 12. hxg3 h6 13. f5 Nd7 14. g5 O-O-O 15. f6 gxf6 16. gxf6 a6 17. Be3 Nb6 18. Rb1 Nc4 19. Bf4 Kc7 20. g4 Nb6
21. Ke2 Na4 22. Kd2 c5 23. g5 h5 24. g6 fxg6 25. Bxg6 Rf8 26. Rxh5 Rxh5 27. Bxh5 b5 28. Rg1 Nb6 29. Rg7+ Nd7 30. Bf7 Ngxf6
31. exf6+ Kd8 32. Bd6
1-0

[Event "Bishops, Knights, Rooks, and Pawns"]
[Site "SchemingMind.com"]
[Date "2009.10.03"]
[Round "-"]
[White "tyler_ensor"]
[Black "THart"]
[Result "1/2-1/2"]
[WhiteCountry "CAN"]
[BlackCountry "USA"]
[WhiteElo "1812"]
[WhiteRD "66"]
[BlackElo "1699"]
[BlackRD "79"]
[GameID "221957"]

1. d4 c6 2. c4 d5 3. cxd5 cxd5 4. Nc3 Nf6 5. Bf4 Bf5 6. e3 e6 7. Nf3 Be7 8. Bd3 Bxd3 9. Qxd3 O-O 10. O-O Nc6
11. a3 Nh5 12. Bg3 Nxg3 13. hxg3 Bf6 14. Rac1 Ne7 15. Kh2 Nf5 16. Rh1 g6 17. Kg1 h5 18. Nh2 Rc8 19. g4 Ng7 20. gxh5 Nxh5
21. Nf3 a6 22. Kf1 b5 23. Ke2 Qd6 24. g4 Ng7 25. g5 Be7 26. Rh6 Nf5 27. Rh3 Kg7 28. Rch1 Rh8 29. Rxh8 Rxh8 30. Rxh8 Kxh8
31. Ne5 Kg7 32. f4 f6 33. gxf6+ Bxf6 34. Ng4 Bh4 35. Ne5=
1/2-1/2

[Event "Bishops, Knights, Rooks, and Pawns"]
[Site "SchemingMind.com"]
[Date "2009.10.03"]
[Round "-"]
[White "borysq3"]
[Black "THart"]
[Result "1-0"]
[WhiteCountry "POL"]
[BlackCountry "USA"]
[WhiteElo "1953"]
[WhiteRD "116"]
[BlackElo "1694"]
[BlackRD "79"]
[GameID "221958"]

1. e4 d6 2. d4 Nf6 3. Nc3 Nc6 4. Nf3 e5 5. Bb5 Bd7 6. O-O Be7 7. Re1 O-O 8. Bxc6 bxc6 9. dxe5 Ng4 10. exd6 cxd6
11. h3 Ne5 12. Nd4 Rb8 13. Nf3 Nc4 14. b3 Ne5 15. Bb2 Bf6 16. Re3 Ng6 17. Qxd6 Be7 18. Qd3 Nf4 19. Qd2 Bc5 20. Nd4 Qg5
21. g3 Nxh3+ 22. Kg2 Nf4+ 23. Kf1 Bh3+ 24. Kg1 Rbd8 25. Rd3 Qg4 26. Qxf4 Rxd4 27. Na4 Qxf4 28. gxf4 Rxd3 29. cxd3 Be7 30. Kh2 Bg4
31. Rg1
1-0